| 000 | 01250cam a22002174a 4500 | ||
|---|---|---|---|
| 020 | _a9251055513 (pbk.) | ||
| 040 | _cUAB | ||
| 082 | _a631 FOO 2006 A037 Or. | ||
| 245 | 0 | 4 |
_aThe new generation of watershed management programmes and projects : _ba resource book for practitioners and local decision-makers based on the findings and recommendations of an FAO review. |
| 260 |
_aRome : _bFood and Agriculture Organization of the United Nations, _c2006. |
||
| 300 |
_ax, 128 p. : _bill. ; _c30 cm. |
||
| 500 | _a"Prepared in collaboration with: European Observatory of Mountain Forests (EOMF), International Centre for Integrated Mountain Development (ICIMOD), Red Latinoamericana de Cooperación Técnica en Manejo de Cuencas Hidrográficas (REDLACH), World Agroforestry Centre (ICRAF)." | ||
| 650 | 0 | _aWatershed management. | |
| 710 | 2 | _aFood and Agriculture Organization of the United Nations. | |
| 710 | 2 | _aEuropean Observatory of Mountain Forests. | |
| 710 | 2 | _aInternational Centre for Integrated Mountain Development. | |
| 710 | 2 | _aRed Latinoamericana de Cooperación Técnica en Manejo de Cuencas Hidrográficas. | |
| 710 | 2 | _aWorld Agroforestry Centre. | |
| 856 | 4 | 1 | _uhttp://www.loc.gov/catdir/toc/fy0707/2007370688.html |
| 942 | _cEK | ||
| 999 |
_c11427 _d11427 |
||